header

Personal protective equipment guidelines for structural collapse events (Record no. 95610)

MARC details
000 -LEADER
fixed length control field 01573nam a2200361Ia 4500
100 1# - MAIN ENTRY--AUTHOR NAME
Personal name Willis, Henry H.
245 10 - TITLE STATEMENT
Title Personal protective equipment guidelines for structural collapse events
260 ## - PUBLICATION, DISTRIBUTION, ETC. (IMPRINT)
Place of publication Santa Monica, Calif. ;
-- [Great Britain] :
Name of publisher Rand, Science and Technology Policy Institute,
Year of publication 2003.
300 ## - PHYSICAL DESCRIPTION
Number of Pages xvii, 83 p. :
Other physical details ill.
490 0# - SERIES STATEMENT
Series statement Protecting emergency responders ;
500 ## - GENERAL NOTE
General note "Prepared for the National Institute for Occupational Safety and Health."
650 #0 - SUBJECT ADDED ENTRY--TOPICAL TERM
Topical Term Emergency medical personnel
Topical Term Fire fighters
Topical Term Police
700 1# - ADDED ENTRY--PERSONAL NAME
Personal name Castle, Nicholas G.
Personal name Sloss, Elizabeth M.
Personal name Bartis, James T.,
856 40 - ELECTRONIC LOCATION AND ACCESS
Uniform Resource Identifier http://site.ebrary.com/lib/rucke/Doc?id=10152607

No items available.

© 2026 Rongo University
Contact us: librarian | system librarian | Rongo university